000 07331nam a2200409Ia 4500
003 OSt
005 20260621113145.0
008 2310s2022 ua a frm 000 0 und d
040 _aEG-EULC
_beng
_cEG-EULC
_dEG-EULC
_erda
041 0 _aeng
_beng
_bara
049 _aDeposit
082 _a005.4476
092 _a005.4476
_221
097 _aM.Sc
099 _aCai01.20.01.M.sc.2022.Ha.S
100 _aHadeal Ismail Mahmoud Taher,
_epreparation.
245 _aSemantic Event Management for Network with Heterogeneous Devices /
_cby Hadeal Ismail Mahmoud Taher; Supervised Prof.Dr.Haitham Safwat Kamal Hamza,Prof.Dr. Shaimaa Mossad.
246 _aإدارة الحدث للشبكة غير متجانسة األجهزة بدلالة الالفاظ
264 0 _c2022.
300 _a99 p. :
_billustrations
_c30cm+
_eCD
336 _2rda content
_atext
337 _2rdamedia
_aUnmediated
338 _2rdacarrier
_avolume
502 _aThesis (M.Sc)-Cairo nivsersity,2022.
504 _aBibliography: p. 96-99.
520 3 _a Configuration of network devices is a challenging problem, due to the enormous number of devices and the diversity of parameters not only among different vendors but also among different versions from the same vendor. The remarkable growth in technologies and techniques has contributed more to the heterogeneity of network devices. NETCONF is emerging as a configuration protocol, which makes use of YANG data model to describe network elements to be configured. In this thesis, we propose the use of Ontology to facilitate the analysis of configuration information of network devices, and simplify of network device configuration. We used the web Ontology language (OWL) to form the semantics of the device configuration domain (e.g. switch or router) then we used the YANG models of network devices to develop Ontology based information extraction. As a use case, our Semantic Network Management Automation Tool (SNMAT) was developed using python that interacts with the Ontology to provide configuration functionality to the network devices. The main outcome in this research is that by introducing new methods like NETOCNF/YANG & Ontology for managing network devices rather than the old methods like the normal CLI or SNMP we can achieve higher performance in managing the network. As a use case, SNMAT was developed using python that interacts with the Ontology to provide configuration functionality to the network devices, the performance enhancement was proved in our results during evaluating our proposed work by using SNMAT, the performance for adding interfaces is almost 84% for Cisco & 79% for Juniper while the performance for deleting interfaces is almost
520 3 _aيعد تهيئة اجهزة الشبكة مشكلة صعبة تواجه الكثير من التحديات نظرا للعدد الهائل من االجهزة و تنوع و اختالف المعلمات ليس فقط بين الشركات المصنعة الجهزة الشبكات و االجهزة التكنولوجية و لكن اياا بين االصدارات المختلفة من نفس الشركة مما يجعل تهيئة تلك االجهزة فى احتياج دائم الشخاص ذو مهارات خاصة. و لقد ساهم النمو الملحوظ فى انترنت االشياء بشكل اكبر فى عدم تجانس اجهزة الشبكة ، و ساعد ظهور بروتوكول تهيئة الشبكات )NETCONF )فى تسهيل عملية تهئية الشبكة عن طريق استخدام نماذج البيانات و التى يطلق عليها اسم )YANG )و التى تعمل على وصف عناصر الشبكة المراد تهيئتها. فى هذه الرسالة نقدم طرحا نستخدم من خالله علم المعلومات فى تكوين انطولوجيا لتسهيل تحليل المعلومات االزمة و التى تستخدم فى تهيئة اجهزة الشبكة. كما تم استخدام اياا علم المعلومات من خالل الشبكة او ما يطلق عليه )OWL )لتشكيل توصيفات داللية تساعد على تهيئة اجهزة الشبكة المختلفة )مثل المحول او الموجه( باستخدام نماذج البيانات )YANG )لتطوير منظومة متكاملة تتعامل مع بيانات االجهزة على اختالف انواعها لتسهيل وظيفة تهئية اجهزة الشبكة. كما قمنا بتطوير أداة الدارة اجهزة الشبكات باستخدام لغة برمجة البايثون ، فمن خالل تلك االداة يمكن التفاعل مع االنطولوجيا و التى سبق بنائها لهذا الغرض لتقديم وظائف تهيئة الشبكة لجميع اجهزتها بصورة متكاملة و سهلة. و تتامن هذه الرسالة خمسة أبواب و قائمة بالمراجع، و فيما يلى ملخص بيان هذه األبواب: الباب األول: مقدمة ً و يشتمل هذا الباب على المقدمة ا ل تمهيد شرح مشكلة عدم تجانس اجهزة الشبكة ، باإلضافة إلى توصيف كامل للمشكلة وعرض الغرض من الرسالة، ومن ثم التعرض لما سوف يتم عمله في باقي الرسالة ثم ملخص لمحتويات األبواب الالحقة. الباب الثانى : الخلفية واالعمال ذات الصلة. و يقدم هذا الباب مراجعة شاملة إلنترنت األشياء والتكنولوجيا الداللية واداره تهيئه الشبكه و NETCONFو YANGوذلك من خالل إستعراض خصائصهم و تحدياتهم المختلفة، ومناقشة االعمال ذات الصلة والحلو ل السابقة لنفس التحديات. الباب الثالث: التحسين الداللي إلدارة تكوين الشبكة يقدم ه ا للتقنية المقترحة باستخدام التكنولوجيا الداللية لمعالجة المشكلة، وذلك بشرح ً ا تفصيلي ً ذا الباب توضيح مراحلها التنفيذية والخطوات المتبعة لتنفيذها. الباب الرابع: التحليل والتقييم للتقنية المقترحة يقوم هذا الباب بعرض تقييم للتقنية المقترحة حيث يتم عرض نتائج هذه التقنية على ال ً بناء معايير والمقاييس المطروحة. الباب الخامس: الخالصة والتوصيات للعمل المستقبلي ويتامن هذا الباب مايلى: - الخالصة التي تم الوصول إليها من البحث. - مقترح للدراسات المستقبلية للبحث.
530 _aIssues also as CD.
546 _aText in English and abstract in Arabic & English.
650 _aNetwork
653 _aOWL
700 _aShaimaa Mossad
_ethesis advisor.
900 _b01-02-2022
_cHaitham Safwat Kamal Hamza
_cShaimaa Mossad
_UCairo University
_FFaculty of Computers and Artificial Intelligence
_DDepartment of Information Technology
905 _aShimaa
942 _cTH
_2ddc
999 _c163757